000 00805nam a2200205Ia 4500
001 1257
003 GE_BSU
008 181216s||||||||xx |||||||||||||| ||und||
040 _cGE_BSU
080 _a636
100 _aქემოკლიძე გ.[და სხვა].
245 _aმეცხოველეობისა და მეფრინველეობის ფერმებში და კომპლექსებში საკვების დარიგების მექანიზაცია.
245 _bდამხმარე სახელმძღვანელო.
260 _aთბილისი.
260 _c1991.
300 _a101 გვ. 19 სმ.
541 _h3 ლ.
653 _aმეცხოველეობა.
942 _cBK
999 _c35403
_d35403